000 01065nam a2200325 i 4500
003 EG-GICUC
005 20260304223206.0
008 260304s1953 -uk||||fr|||| 00| 0 eng d
040 _aEG-GiCUC
_beng
_cEG-GiCUC
_dEG-GiCUC
_erda
041 _aeng
041 _afre
082 0 4 _221
_a341.511
_bAM
092 0 4 _221
099 _aLaw1 11 341.511 AM 1953
245 _aAMBATIELOS CASE :
_bPLEADINGS ORAL ARGUMENTS DOCUMENTS /
_cINTERNATIONAL COURT OF JUSTICE .
246 1 _aAFFAIRE AMBATIELOS :
_bMÉMOIRES, PLAIDOIRIES ET DOCUMENTS .
264 _aUnited Kingdom :
_bINTERNATIONAL COURT OF JUSTICE ,
_c1953.
300 _a607 pages ,
_c24 cm
336 _2rda content
_atext
337 _2rda media
_aComputer
338 _2rda carrier
_aOnline Resource
500 _aInclude Index Pages 571-596.
504 _aBibliography: page 579.
546 _aParallel text in English and French
650 1 _aInternational courts
651 1 _2qrmak
856 4 0 _uhttps://fll.law.cu.edu.eg/fulltext/bks/B11-08768.pdf
905 _a60
942 _2ddc
_cBK
_e21
_n0
999 _c64952
_d64952